000 00323nam a2200121Ia 4500
008 240731s9999 xx 000 0 und d
022 _a2770-338X
245 0 _aLGBTQ+ Family: An Interdisciplinary Journal
260 _bTaylor & Francis
856 _uhttps://www.tandfonline.com/loi/wgfs21
942 _2ddc
942 _cTFEJ
999 _c78380
_d78380
945 _a1
_bMadushi Gamage
_c1
_dMadushi Gamage